5-literowe imiona męskie - rejestr PESEL - Statystyki

Ogólne statystyki
  • Ten quiz został rozwiązany 176 razy
  • Średni wynik to 17 z 30
Statystyki odpowiedzi
Odpowiedź % Poprawnych
1 P Piotr
99%
2 P Paweł
97%
4 M Marek
87%
6 K Kamil
82%
21 D David
79%
8 D Dawid
79%
16 Z Zenon
79%
7 J Jerzy
77%
5 R Rafał
77%
3 J Jakub
75%
14 K Karol
74%
13 F Filip
71%
26 O Oscar
70%
15 O Oskar
70%
18 N Natan
65%
12 R Roman
62%
10 J Józef
60%
11 A Artur
57%
9 J Jacek
56%
17 T Tymon
51%
23 A Aleks
50%
19 B Borys
33%
20 B Bruno
32%
28 A Adolf
15%
24 K Kevin
13%
27 K Kewin
13%
29 A Albin
11%
22 D Denis
10%
25 A Ariel
5%
30 J Jacob
1%
Nie znaleziono quizów pasujących do podanych kryteriów
Rozkład punktacji
Procent ludzi z każdym wynikiem
Percentyl według liczby udzielonych odpowiedzi
Twoja historia wyników
Nie rozwiązałeś tego quizu